English thesaurus

Bibliographic Details
Format: Book
Published: Scotland : Geddes & Grosset , 1997
Edition:New edition
Subjects:

MARC

LEADER 00000cam a2200000 7i4500
001 0000022930
005 20080909.0
008 080813
020 |a 1855347334 
090 0 0 |a 423.1   |b ENG 
245 1 0 |a English thesaurus 
250 |a New edition 
260 |a Scotland :   |b Geddes & Grosset ,   |c 1997 
650 0 |a English language   |x synonyms and antonyms   |x Dictionaries 
999 |a 0001028479   |b Book   |c REFERENCE   |e Perbadanan Perpustakaan Awam Johor